[Event "Magistral Gorenje 2007"]
[Site "Valjevo SRB"]
[Date "2007.06.17"]
[Round "5.1"]
[White "Atalik, Suat"]
[Black "Nikolic, Predrag"]
[Result "1-0"]
[WhiteElo "2584"]
[BlackElo "2631"]
[PlyCount "105"]
[EventDate "2007.06.13"]
[EventType "tourn"]
[EventRounds "9"]
[EventCategory "15"]
[Source "lmi"]
[SourceDate "2007.06.13"]

1. d4 f5 2. g3 Nf6 3. Bg2 g6 4. Nf3 Bg7 5. O-O O-O 6. c4 d6 7. Nc3 Na6 8. Rb1
c6 9. b4 Bd7 10. b5 Nc7 11. bxc6 bxc6 12. c5 Ne4 13. cxd6 exd6 14. Qc2 Kh8 15.
Ba3 Nxc3 16. Qxc3 Nb5 17. Rxb5 cxb5 18. Bxd6 Rc8 19. Qa3 Re8 20. Ne5 Be6 21.
Bc6 Rxc6 22. Nxc6 Qb6 23. Rc1 Rc8 24. Be5 Bxe5 25. Nxe5 Rxc1+ 26. Qxc1 Qxd4 27.
Nxg6+ Kg7 28. Nh4 b4 29. Qg5+ Kf8 30. Qh6+ Ke7 31. Qxh7+ Kd8 32. Nf3 Qc5 33.
Qh8+ Kc7 34. Qg7+ Kc8 35. h4 f4 36. gxf4 Bxa2 37. h5 Qxh5 38. Qf8+ Kc7 39. Qxb4
Bd5 40. Qc5+ Kb7 41. e4 Qg6+ 42. Ng5 Bc6 43. Qe7+ Kb6 44. f5 Qh5 45. Qb4+ Bb5
46. Qd6+ Ka5 47. Qd2+ Ka4 48. f3 Qh4 49. Kg2 Bc4 50. e5 a5 51. e6 Qh8 52. Qf4
Kb3 53. f6 1-0